00709nam a2200169 i 450000100060000000300090000600500170001500700030003200800410003508000240007624500390010026000310013930000560017050002460022660000420047285200250051486255ES-MaACL20231222202150.0t|041220s2003 sp ||||1| spa d a75 Fortuny, Mariano00aFortuny [hRecurso electrónico]. aMadrid : bDolmen, c2003. a1 disco compacto (CD-ROM) : bson., col. ; c12 cm. aRequisitos del sistema: PC Pentium II a 200 Mhz ; 64 Mb de RAM ; Windows 95 y superior ; Tarjeta gráfica de 4 Mb y monitor (1024 x 768, 16 bits) ; CD-Rom 16x o superior ; Tarjeta de sonido. Compatible con reproductor DVD con lector de VCD.14aFortuny, Mariano,d1838-1874-vCD-ROM aES-MaACLjROT 2/2/14